000 00910nam a2200217Ii 4500
003 JO-AjNU
008 230605s9999||||xx |||||||||||||| ||und||
017 _a1986/4720
040 _aJO-AjNU
_bara
_erda
_cJO-AjNU
041 _aara
050 1 4 _aHC498 .F3745 1986
100 3 _aفراح،عز الدين,
_eauthor
_919898
245 0 0 _aالتنمية الاقتصادية والاجتماعية في الوطن العربي وتحقيق الامن الغذائي والاكتفاء الذاتي
264 3 1 _aالقاهرة:دار الفكر العربي،1986
300 _a238ص
336 _atext
_btxt
_2rdacontent
337 _aunmediated
_bn
_2rdamedia
338 _avolume
_bnc
_2rdacarrier
490 0 _aابحاث ودراسات اقتصادية زراعية
650 4 _aالأمن الغذائي -الاكتفاء الذاتي(سياسة اقتصادية)- البلاد العربية 
_919899
999 _aA6648
_c10216
_d10216